Les meilleurs buteurs de Série A (2024-2025) - Statistiques

Statistiques générales
  • Ce quiz a été pris 47 fois
  • Le résultat moyen est 9 sur 18
Statistiques - réponses
Club Buts Joueurs % Correct
Inter Milan 12 Lautaro Martinez
98%
Inter Milan 14 Marcus Thuram
91%
Atalanta Bergame 15 Ademola Lookman
84%
FC Napoli 14 Romelu Lukaku
82%
Atalanta Bergame 25 Mateo Retegui
75%
Fiorentina 18 Moise Kean
70%
FC Napoli 12 Scott McTominay
61%
Juventus Turin 10 Dusan Vlahovic
59%
AC Milan 11 Christian Pulisic
57%
AS Rome 12 Artem Dovbyk
48%
FC Bologne 15 Ricardo Orsolini
36%
Lazio Rome 10 Pedro
27%
Lazio Rome 10 Valentin Castellanos
23%
Udinese Calcio 11 Lorenzo Lucca
18%
AC Milan 10 Tijjani Reijnders
18%
Lecce 11 Nikola Krstovic
14%
FC Genoa 10 Andrea Pinamonti
9%
Cagliari Calcio 10 Roberto Piccoli
5%
Aucun quiz correspondant
Distribution des résultats
% des personnes avec chaque résultat
Percentile par nombre de réponses
Votre historique - résultats
Vous n’avez pas pris ce quiz